[Event "Open SSM Luglio"]
[Site "Milano ITA"]
[Date "2012.06.28"]
[Round "1"]
[White "Bemporad, Filippo"]
[Black "Agnello, Francesco Claudio"]
[WhiteElo "2078"]
[BlackElo "1608"]
[Result "1-0"]
[PlyCount "57"]
[EventDate "2012.06.28"]

1. d4 d5 2. Nf3 c6 3. c4 e6 4. Qc2 f5 5. g3 Nf6 6. Bg2 Bd6 7. O-O Nbd7 8. b3
O-O 9. Bb2 Ne4 10. Ne5 Nxe5 11. dxe5 Bc5 12. e3 Bd7 13. Nc3 Nxc3 14. Qxc3 Bb6
15. a4 a5 16. Rfd1 Rc8 17. Ba3 Rf7 18. Rac1 Be8 19. cxd5 Rd7 20. d6 Bh5 21. Rd2
Qg5 22. Bc5 Qd8 23. f4 Bxc5 24. Qxc5 b6 25. Qc4 c5 26. Qxe6+ Bf7 27. Qxf5 Bxb3
28. Bh3 Rf7 29. Qxc8 1-0

[Event "Open SSM Luglio"]
[Site "Milano ITA"]
[Date "2012.06.28"]
[Round "1"]
[White "Carbone, Lorenzo"]
[Black "Guttarolo, Giovanni"]
[WhiteElo "1701"]
[BlackElo "1250"]
[Result "1-0"]
[PlyCount "49"]
[EventDate "2012.06.28"]

1. e4 e6 2. Nf3 d5 3. exd5 exd5 4. d4 Be6 5. Bd3 Nf6 6. O-O c5 7. dxc5 Bxc5 8.
Bf4 O-O 9. Nc3 Qb6 10. Na4 Qb4 11. Nxc5 Qxc5 12. Be3 Qb4 13. Bd4 Ne4 14. a3 Qe7
15. b4 Nc6 16. Bb2 Nd6 17. Nd2 d4 18. Re1 a6 19. Nf3 Nb5 20. Qd2 Rfe8 21. Ng5
Nc3 22. Bxh7+ Kh8 23. Bd3 Rad8 24. Qf4 Rd5 25. Qh4+ 1-0

[Event "Open SSM Luglio"]
[Site "Milano ITA"]
[Date "2012.06.28"]
[Round "1"]
[White "Casamassima, Paolo"]
[Black "Gonella, Daniele"]
[WhiteElo "1694"]
[BlackElo "2117"]
[Result "0-1"]
[PlyCount "56"]
[EventDate "2012.06.28"]

1. e4 c5 2. Nf3 Nc6 3. Bb5 g6 4. Bxc6 dxc6 5. h3 Bg7 6. c3 e5 7. O-O Nf6 8. d3
Qe7 9. Bg5 O-O 10. Nbd2 h6 11. Be3 Rd8 12. Qc2 Nd7 13. Nc4 Nf8 14. Rad1 b6 15.
Qc1 g5 16. a4 Ng6 17. d4 Ba6 18. b3 exd4 19. cxd4 cxd4 20. Nxd4 Qxe4 21. f3 Qe8
22. Nf5 Bxc4 23. bxc4 c5 24. Rfe1 Qxa4 25. Nxg7 Kxg7 26. Qc3+ f6 27. Rd5 Qb4
28. Qd3 Qxe1+ 0-1

[Event "Open SSM Luglio"]
[Site "Milano ITA"]
[Date "2012.06.28"]
[Round "1"]
[White "Coppola, Federico"]
[Black "Verderame, Alberto"]
[WhiteElo "1853"]
[BlackElo "1424"]
[Result "1-0"]
[PlyCount "41"]
[EventDate "2012.06.28"]

1. e4 d6 2. d4 Nf6 3. Nc3 c6 4. f4 Qa5 5. Bd3 e5 6. Be3 Be7 7. Qd2 O-O 8. h3
Na6 9. Nf3 exd4 10. Nxd4 Nb4 11. O-O Nxd3 12. cxd3 a6 13. Rac1 Nh5 14. g4 c5
15. Nb3 Qd8 16. gxh5 Bxh3 17. Rf2 f5 18. Rh2 Bg4 19. Qg2 Rf6 20. Kf2 Rh6 21.
Rg1 1-0

[Event "Open SSM Luglio"]
[Site "Milano ITA"]
[Date "2012.06.28"]
[Round "1"]
[White "D'Aste, Federico"]
[Black "Motola, Jacopo"]
[WhiteElo "1531"]
[BlackElo "1937"]
[Result "0-1"]
[PlyCount "86"]
[EventDate "2012.06.28"]

1. e4 c5 2. g3 Nc6 3. Bg2 e6 4. Ne2 d5 5. exd5 exd5 6. d4 Nf6 7. Nbc3 Be6 8.
Be3 c4 9. O-O Be7 10. Qd2 O-O 11. Nf4 Qd7 12. Nxe6 fxe6 13. a3 Ne8 14. Rae1 Nc7
15. Bh3 Bf6 16. Bf4 Nxd4 17. Bxc7 Nf3+ 18. Kg2 Nxd2 19. Bxe6+ Qxe6 20. Rxe6
Nxf1 21. Kxf1 Bxc3 22. bxc3 Rac8 23. Re7 Rf7 24. Rxf7 Kxf7 25. Be5 g6 26. Bd4
b6 27. Kg2 Ke6 28. Kf3 Kd6 29. Kg4 Kc6 30. a4 Kb7 31. Kg5 Ka6 32. Kh6 Ka5 33.
f4 Kxa4 34. g4 Rf8 35. Be5 Rf7 36. h4 Ka3 37. h5 gxh5 38. Kxh5 Kb2 39. f5 a5
40. f6 a4 41. g5 a3 42. g6 hxg6+ 43. Kxg6 Rxf6+ 0-1

[Event "Open SSM Luglio"]
[Site "Milano ITA"]
[Date "2012.06.28"]
[Round "1"]
[White "Di Chiara, Mauro"]
[Black "Calabrese, Maurizio"]
[WhiteElo "1965"]
[BlackElo "1550"]
[Result "1-0"]
[PlyCount "61"]
[EventDate "2012.06.28"]

1. d4 d5 2. Nf3 Nf6 3. c4 Nbd7 4. cxd5 Nxd5 5. e4 N5b6 6. Nc3 c6 7. Be2 e6 8.
O-O Nf6 9. Bg5 Be7 10. Qc2 Rb8 11. Rad1 Bd7 12. a4 Nh5 13. Bxe7 Qxe7 14. a5 Na8
15. Qc1 Nf6 16. e5 Nd5 17. Ne4 O-O 18. Rfe1 a6 19. Bd3 Nac7 20. Nc5 Bc8 21. Ng5
g6 22. Nge4 f6 23. exf6 Nxf6 24. Ng5 Nfd5 25. Re5 Qf6 26. Kh1 b6 27. Nce4 Qf4
28. Qxc6 Nb4 29. Qxc7 Rb7 30. Qc4 Nxd3 31. Qxd3 1-0

[Event "Open SSM Luglio"]
[Site "Milano ITA"]
[Date "2012.06.28"]
[Round "1"]
[White "Macri', Vincenzo Roberto"]
[Black "Gongalov, Bojan"]
[WhiteElo "1629"]
[BlackElo "2090"]
[Result "0-1"]
[PlyCount "24"]
[EventDate "2012.06.28"]

1. e4 c5 2. Nf3 e6 3. d4 cxd4 4. c3 dxc3 5. Nxc3 Bb4 6. Bc4 Qc7 7. Qd3 a6 8.
Bd2 Nc6 9. Rc1 Nf6 10. O-O Ng4 11. h3 Nce5 12. Nd5 Nxf3+ 0-1

[Event "Open SSM Luglio"]
[Site "Milano ITA"]
[Date "2012.06.28"]
[Round "1"]
[White "Madaschi, Sergio"]
[Black "Pelizzola, Danilo"]
[WhiteElo "1558"]
[BlackElo "2005"]
[Result "0-1"]
[PlyCount "102"]
[EventDate "2012.06.28"]

1. d4 Nf6 2. c4 e6 3. Nf3 b6 4. g3 Bb7 5. Bg2 Be7 6. O-O O-O 7. Nc3 d6 8. Qc2
Nbd7 9. b3 a6 10. Bb2 c5 11. e3 Qc7 12. Rac1 Rfe8 13. Rfe1 Rac8 14. h3 Qb8 15.
Red1 Qa8 16. Ne1 cxd4 17. exd4 b5 18. Qe2 bxc4 19. bxc4 Nb6 20. Bxb7 Qxb7 21.
Nb1 Rc7 22. Nd2 Rec8 23. Ng2 Na4 24. Ba3 Bf8 25. Qd3 Qa7 26. Ne3 Nb6 27. Bb2
Nbd7 28. Qe2 g6 29. Qf3 Qb7 30. Qxb7 Rxb7 31. Ba1 Bh6 32. Kg2 Kf8 33. Re1 Rb4
34. Rb1 Rcb8 35. Rxb4 Rxb4 36. Rb1 Rxb1 37. Nxb1 Ne4 38. Na3 f5 39. Nac2 Bxe3
40. fxe3 Nb6 41. Na3 Na4 42. c5 dxc5 43. dxc5 Naxc5 44. Bd4 Na4 45. Nc4 Ke7 46.
Kf3 Ng5+ 47. Kg2 Nf7 48. h4 Kd7 49. Kf3 Kc6 50. Kf4 Kd5 51. Nd2 e5+ 0-1

[Event "Open SSM Luglio"]
[Site "Milano ITA"]
[Date "2012.06.28"]
[Round "1"]
[White "Marcuzzo, Stefano"]
[Black "Marchini, Daniele"]
[WhiteElo "1395"]
[BlackElo "1846"]
[Result "0-1"]
[PlyCount "28"]
[EventDate "2012.06.28"]

1. e4 c5 2. Nf3 d6 3. Bc4 e6 4. Nc3 Nf6 5. d4 cxd4 6. Nxd4 a6 7. Bg5 Be7 8. O-O
h6 9. Bf4 e5 10. Bxe5 dxe5 11. Nf3 Nbd7 12. Re1 b5 13. Bb3 Bb7 14. a3 O-O 0-1

[Event "Open SSM Luglio"]
[Site "Milano ITA"]
[Date "2012.06.28"]
[Round "1"]
[White "Miracola, Giorgia"]
[Black "Frignani, Alessandro"]
[WhiteElo "1790"]
[BlackElo "1326"]
[Result "1-0"]
[PlyCount "41"]
[EventDate "2012.06.28"]

1. e4 e5 2. Nf3 Qf6 3. Nc3 Bc5 4. Nd5 Qd6 5. Bc4 Nf6 6. d3 Nxd5 7. Bxd5 h6 8.
O-O c6 9. Bb3 Qf6 10. c3 d6 11. d4 Bb6 12. h3 c5 13. Re1 Be6 14. Be3 Bxb3 15.
Qxb3 cxd4 16. cxd4 exd4 17. e5 dxe5 18. Bxd4 Bxd4 19. Nxd4 Nc6 20. Qxb7 Rb8 21.
Qxc6+ 1-0

[Event "Open SSM Luglio"]
[Site "Milano ITA"]
[Date "2012.06.28"]
[Round "1"]
[White "Miracola, Massimiliano"]
[Black "Colica, Daniele"]
[WhiteElo "2101"]
[BlackElo "1679"]
[Result "1/2-1/2"]
[PlyCount "54"]
[EventDate "2012.06.28"]

1. d4 Nf6 2. Nf3 b6 3. g3 Bb7 4. Bg2 e6 5. c4 Bb4+ 6. Bd2 Qe7 7. O-O Bxd2 8.
Qxd2 O-O 9. Qc2 c5 10. e3 Nc6 11. Nc3 d5 12. cxd5 Nb4 13. Qd2 Nbxd5 14. Nxd5
Bxd5 15. dxc5 Rad8 16. Qe2 bxc5 17. Rfc1 e5 18. Qb5 Rc8 19. Nd2 Bxg2 20. Kxg2
Qd6 21. Nb3 Qd5+ 22. Kg1 Qf3 23. Rxc5 Ne4 24. Rf1 Ng5 25. Qd7 Rcd8 26. Nd2 Rxd7
27. Nxf3 Nxf3+ 1/2-1/2

[Event "Open SSM Luglio"]
[Site "Milano ITA"]
[Date "2012.06.28"]
[Round "1"]
[White "Molinelli, Luigi"]
[Black "Poletto, Daniele"]
[WhiteElo "1251"]
[BlackElo "1738"]
[Result "0-1"]
[PlyCount "56"]
[EventDate "2012.06.28"]

1. d4 Nf6 2. Nf3 g6 3. g3 Bg7 4. Bg2 d5 5. c4 c6 6. O-O O-O 7. Nc3 dxc4 8. Ne5
Be6 9. e3 Nd5 10. Rb1 Bxe5 11. Nxd5 cxd5 12. dxe5 Nc6 13. f4 Bf5 14. Ra1 Bd3
15. Re1 Nb4 16. b3 Nc2 17. Bb2 Nxe1 18. Qxe1 e6 19. bxc4 Bxc4 20. Bd4 Qd7 21.
Qd1 b5 22. Kf2 Rfc8 23. Bf3 a5 24. h4 Kg7 25. h5 b4 26. a4 b3 27. Qd2 Bb5 28.
axb5 Rc2 0-1

[Event "Open SSM Luglio"]
[Site "Milano ITA"]
[Date "2012.06.28"]
[Round "1"]
[White "Petrone, Gianmario"]
[Black "Fantina, Carla"]
[WhiteElo "1930"]
[BlackElo "1451"]
[Result "1-0"]
[PlyCount "47"]
[EventDate "2012.06.28"]

1. e4 d6 2. d4 Nf6 3. Nc3 g6 4. f4 Bg4 5. Be2 Bxe2 6. Qxe2 Bg7 7. Nf3 O-O 8.
O-O c6 9. e5 dxe5 10. fxe5 Nd5 11. Nxd5 cxd5 12. Be3 Nc6 13. Qd2 Qa5 14. c3
Rfd8 15. Ng5 f6 16. Ne6 fxe5 17. Nxd8 Rxd8 18. dxe5 Nxe5 19. Bd4 e6 20. Qe2 Qc7
21. Rae1 Nc6 22. Qxe6+ Kh8 23. Qe8+ Rxe8 24. Rxe8# 1-0

[Event "Open SSM Luglio"]
[Site "Milano ITA"]
[Date "2012.06.29"]
[Round "2"]
[White "Agnello, Francesco Claudio"]
[Black "D'Aste, Federico"]
[WhiteElo "1608"]
[BlackElo "1531"]
[Result "1-0"]
[PlyCount "53"]
[EventDate "2012.06.28"]

1. d4 Nf6 2. Bg5 Ne4 3. Bf4 d5 4. e3 Bf5 5. Bd3 e6 6. h3 Bb4+ 7. c3 Ba5 8. Nf3
O-O 9. O-O Nd7 10. a4 c5 11. Bxe4 dxe4 12. Nfd2 Rc8 13. dxc5 Bc7 14. Bxc7 Qxc7
15. b4 Ne5 16. Na3 Rfd8 17. Qc2 Nf3+ 18. gxf3 exf3 19. Qc1 Bxh3 20. Re1 Bg2 21.
Nf1 Qe7 22. e4 Qh4 23. Nh2 Qh3 24. Qf4 Rd3 25. Rad1 Rcd8 26. Rxd3 Rxd3 27. Qb8+
1-0

[Event "Open SSM Luglio"]
[Site "Milano ITA"]
[Date "2012.06.29"]
[Round "2"]
[White "Bisignano, Giuseppe"]
[Black "Miracola, Massimiliano"]
[WhiteElo "1877"]
[BlackElo "2101"]
[Result "0-1"]
[PlyCount "66"]
[EventDate "2012.06.28"]

1. e4 c5 2. Nf3 d6 3. d4 cxd4 4. Nxd4 Nf6 5. Nc3 Nc6 6. Be2 e5 7. Nb3 Be7 8.
O-O O-O 9. Be3 a5 10. Na4 Nxe4 11. Nb6 Rb8 12. a4 Be6 13. Nd5 Nc5 14. f4 Bxd5
15. Qxd5 Nb4 16. Qd1 Nxb3 17. cxb3 e4 18. Rc1 d5 19. f5 Bf6 20. Bd4 Bxd4+ 21.
Qxd4 Qf6 22. Qxf6 gxf6 23. Rf4 Rfc8 24. Rc3 Rxc3 25. bxc3 Na2 26. c4 Nc3 27.
Kf2 d4 28. Ke1 d3 29. Bf1 Rd8 30. Kd2 Nb1+ 31. Kd1 e3 32. Bxd3 Rxd3+ 33. Kc2
Rd2+ 0-1

[Event "Open SSM Luglio"]
[Site "Milano ITA"]
[Date "2012.06.29"]
[Round "2"]
[White "Calabrese, Maurizio"]
[Black "Molinelli, Luigi"]
[WhiteElo "1550"]
[BlackElo "1251"]
[Result "0-1"]
[PlyCount "92"]
[EventDate "2012.06.28"]

1. d4 Nf6 2. c4 g6 3. Nc3 d6 4. e4 Bg7 5. f4 O-O 6. e5 Ne8 7. Nf3 dxe5 8. Nxe5
Nd6 9. c5 Nf5 10. d5 Nd7 11. Nxd7 Bxd7 12. Qd3 e6 13. Be3 exd5 14. Nxd5 Bc6 15.
Nc3 Qe7 16. Kf2 Rad8 17. Qe2 Qh4+ 18. Kg1 Bd4 19. Bxd4 Nxd4 20. Qf2 Qf6 21. h4
h5 22. Rh3 Nf5 23. Bb5 Nd4 24. Bxc6 Nxc6 25. Kh1 Rfe8 26. Rg1 Nb4 27. g4 Nd3
28. Rxd3 Rxd3 29. Kh2 Qe6 30. Rg2 hxg4 31. Nb5 Rh3+ 32. Kg1 Re7 33. Nd4 Qe1+
34. Qxe1 Rxe1+ 35. Kf2 Reh1 36. Rxg4 R1h2+ 37. Rg2 Rxh4 38. Ne2 Kg7 39. a3 Kf6
40. Rxh2 Rxh2+ 41. Kf3 Rh3+ 42. Ke4 Rb3 43. Nc3 c6 44. Nd1 Ke6 45. Kd4 Kf5 46.
Ne3+ Kxf4 0-1

[Event "Open SSM Luglio"]
[Site "Milano ITA"]
[Date "2012.06.29"]
[Round "2"]
[White "Ciochetta, Giovanni"]
[Black "Marcuzzo, Stefano"]
[WhiteElo "1574"]
[BlackElo "1395"]
[Result "1-0"]
[PlyCount "63"]
[EventDate "2012.06.28"]

1. e4 e5 2. Nf3 Nc6 3. Bc4 Bc5 4. d3 Nf6 5. Bg5 O-O 6. Nc3 Bb4 7. O-O Bxc3 8.
bxc3 d6 9. h3 Be6 10. Bb3 Na5 11. Re1 h6 12. Bh4 c6 13. d4 exd4 14. cxd4 Re8
15. Qd2 Nxb3 16. axb3 a6 17. c4 c5 18. dxc5 dxc5 19. Qxd8 Raxd8 20. e5 g5 21.
exf6 gxh4 22. Nxh4 Rd2 23. Re5 b6 24. Rxa6 Rb8 25. Nf5 Bxf5 26. Rxf5 Rb2 27.
Rf3 b5 28. cxb5 Rxb5 29. Ra8+ Kh7 30. Rg3 h5 31. Rg7+ Kh6 32. Rh8# 1-0

[Event "Open SSM Luglio"]
[Site "Milano ITA"]
[Date "2012.06.29"]
[Round "2"]
[White "Fantina, Carla"]
[Black "Casamassima, Paolo"]
[WhiteElo "1451"]
[BlackElo "1694"]
[Result "1/2-1/2"]
[PlyCount "110"]
[EventDate "2012.06.28"]

1. c4 Nf6 2. Nc3 g6 3. e4 d6 4. d4 Bg7 5. Nf3 O-O 6. Be2 b6 7. O-O Bb7 8. d5 c6
9. h3 Re8 10. Rb1 cxd5 11. exd5 Nbd7 12. Be3 Nc5 13. Qc1 e6 14. b4 Nce4 15.
Nxe4 Nxe4 16. Nd4 exd5 17. Bf3 Rc8 18. Bxe4 Rxe4 19. Qd1 Rxc4 20. Nf3 d4 21.
Bd2 d5 22. Ng5 Re5 23. f4 Re8 24. b5 Qd7 25. a4 Qf5 26. g4 Qc2 27. a5 h6 28.
Nf3 d3 29. a6 Ba8 30. Re1 Qxd1 31. Rbxd1 Rxe1+ 32. Rxe1 Kf8 33. Ne5 Bxe5 34.
fxe5 g5 35. Re3 Re4 36. Rxd3 Rxe5 37. Rc3 Re8 38. Rc7 d4 39. Rxa7 Bd5 40. Rd7
Bc4 41. Rxd4 Bxb5 42. a7 Ra8 43. Rd6 Rxa7 44. Rxb6 Ra1+ 45. Kf2 Ra2 46. Ke3
Ra3+ 47. Kf2 Ra2 48. Ke3 Bf1 49. Rxh6 Ra3+ 50. Kf2 Rxh3 51. Bxg5 Kg7 52. Rb6
Bd3 53. Bf4 Bg6 54. Kg2 Ra3 55. g5 Ra7 1/2-1/2

[Event "Open SSM Luglio"]
[Site "Milano ITA"]
[Date "2012.06.29"]
[Round "2"]
[White "Frignani, Alessandro"]
[Black "Madaschi, Sergio"]
[WhiteElo "1326"]
[BlackElo "1558"]
[Result "0-1"]
[PlyCount "38"]
[EventDate "2012.06.28"]

1. e4 c5 2. c4 Nc6 3. Nf3 g6 4. Nc3 Bg7 5. Na4 b6 6. Rb1 e6 7. d3 Nge7 8. a3
O-O 9. b3 d5 10. Nd2 Bb7 11. Bb2 d4 12. g3 Qc7 13. Bg2 Ne5 14. Nf3 N7c6 15. Bc1
Nxf3+ 16. Bxf3 Ne5 17. Bf4 Nxf3+ 18. Ke2 Ne5 19. Bxe5 Qxe5 0-1

[Event "Open SSM Luglio"]
[Site "Milano ITA"]
[Date "2012.06.29"]
[Round "2"]
[White "Gonella, Daniele"]
[Black "Petrone, Gianmario"]
[WhiteElo "2117"]
[BlackElo "1930"]
[Result "1-0"]
[PlyCount "67"]
[EventDate "2012.06.28"]

1. e4 c5 2. Nf3 d6 3. Bb5+ Bd7 4. Bxd7+ Qxd7 5. O-O Nc6 6. Qe2 Nf6 7. Rd1 e6 8.
d4 cxd4 9. Nxd4 Be7 10. Nc3 O-O 11. Be3 a6 12. Rd2 Rfd8 13. Rad1 Qc7 14. Qf3
Rac8 15. Qg3 Ne5 16. Re2 b5 17. a3 Nc4 18. Bc1 Nxa3 19. Nd5 exd5 20. Nf5 Bf8
21. Bh6 Nh5 22. Qg5 Nc4 23. Qxh5 gxh6 24. exd5 Re8 25. Qg4+ Kh8 26. Qd4+ Kg8
27. Rd3 Ne5 28. Rxe5 Rxe5 29. Rg3+ Bg7 30. h3 Qc4 31. Rxg7+ Kf8 32. Rxf7+ Kg8
33. Qa7 Rxf5 34. Rg7+ 1-0

[Event "Open SSM Luglio"]
[Site "Milano ITA"]
[Date "2012.06.29"]
[Round "2"]
[White "Gonella, Graziano"]
[Black "Di Chiara, Mauro"]
[WhiteElo "1222"]
[BlackElo "1965"]
[Result "0-1"]
[PlyCount "40"]
[EventDate "2012.06.28"]

1. e4 d6 2. g3 g6 3. Nc3 Bg7 4. Nf3 Nf6 5. Bg2 O-O 6. d4 Nc6 7. a3 e5 8. Bg5 h6
9. Bxf6 Bxf6 10. Nd5 Bg7 11. O-O Nxd4 12. c3 Nxf3+ 13. Bxf3 c6 14. Ne3 Be6 15.
Qc2 f5 16. exf5 gxf5 17. Bh5 Qg5 18. Be2 f4 19. Ng2 f3 20. Bd3 fxg2 0-1

[Event "Open SSM Luglio"]
[Site "Milano ITA"]
[Date "2012.06.29"]
[Round "2"]
[White "Gongalov, Bojan"]
[Black "Coppola, Federico"]
[WhiteElo "2090"]
[BlackElo "1853"]
[Result "0-1"]
[PlyCount "80"]
[EventDate "2012.06.28"]

1. Nf3 Nf6 2. g3 g6 3. Bg2 Bg7 4. O-O O-O 5. c4 c5 6. d4 cxd4 7. Nxd4 Nc6 8.
Nb3 d6 9. Nc3 Be6 10. c5 d5 11. h3 Qd7 12. Kh2 Rfd8 13. Bg5 d4 14. Bxf6 Bxf6
15. Ne4 Bg7 16. Nc1 Bd5 17. Nd3 f5 18. Ng5 Bxg2 19. Kxg2 Qd5+ 20. Kh2 e5 21.
Qb3 Qxb3 22. axb3 Bf6 23. h4 h6 24. Nh3 Kf7 25. f3 Ke6 26. Rad1 Ne7 27. f4 e4
28. Ne5 Bxe5 29. fxe5 Kxe5 30. g4 fxg4 31. Rf7 Ke6 32. Rf4 gxh3 33. Rxe4+ Kf7
34. Rf1+ Nf5 35. h5 Rd5 36. hxg6+ Kxg6 37. Re6+ Kh7 38. b4 Rg8 39. Kxh3 Rg6 40.
Rxg6 Kxg6 0-1

[Event "Open SSM Luglio"]
[Site "Milano ITA"]
[Date "2012.06.29"]
[Round "2"]
[White "Marchini, Daniele"]
[Black "Cani, Gazmir"]
[WhiteElo "1846"]
[BlackElo "2151"]
[Result "1-0"]
[PlyCount "51"]
[EventDate "2012.06.28"]

1. d4 Nf6 2. c4 c5 3. d5 e6 4. Nc3 exd5 5. cxd5 d6 6. e4 g6 7. f4 Bg7 8. Nf3
O-O 9. Be2 Re8 10. e5 dxe5 11. fxe5 Ng4 12. e6 fxe6 13. d6 Nc6 14. Ne4 Nge5 15.
O-O Nxf3+ 16. Bxf3 h6 17. Be3 Ne5 18. b4 b6 19. bxc5 Nxf3+ 20. Qxf3 bxc5 21.
Qf7+ Kh8 22. Qxg6 Rf8 23. Bxh6 Bd4+ 24. Kh1 Rf5 25. Rxf5 exf5 26. Ng5 1-0

[Event "Open SSM Luglio"]
[Site "Milano ITA"]
[Date "2012.06.29"]
[Round "2"]
[White "Motola, Jacopo"]
[Black "Carbone, Lorenzo"]
[WhiteElo "1937"]
[BlackElo "1701"]
[Result "1-0"]
[PlyCount "89"]
[EventDate "2012.06.28"]

1. e4 c5 2. Nf3 d6 3. d4 cxd4 4. Qxd4 Nc6 5. Bb5 Bd7 6. Bxc6 Bxc6 7. Nc3 e6 8.
Bg5 Ne7 9. Rd1 h6 10. Bh4 Qc7 11. Bg3 Ng6 12. Bxd6 Bxd6 13. Qxd6 Qb6 14. O-O
Qxb2 15. Rd3 Qb6 16. Rfd1 Rc8 17. h4 h5 18. Ne5 Nxe5 19. Qxe5 O-O 20. Qxh5 Rcd8
21. Qg5 Rxd3 22. Rxd3 f6 23. Qe3 Qxe3 24. Rxe3 Rd8 25. Rd3 Rxd3 26. cxd3 Kf7
27. Kf1 b5 28. a3 a5 29. Ke2 b4 30. axb4 axb4 31. Nd1 Ke7 32. Ke3 Kd6 33. Kd4
Bb5 34. f4 e5+ 35. fxe5+ fxe5+ 36. Ke3 Kc5 37. Nb2 b3 38. g4 g6 39. h5 gxh5 40.
gxh5 Be8 41. h6 Bg6 42. Nc4 Bh7 43. Kd2 Kd4 44. Na5 b2 45. Nb3# 1-0

[Event "Open SSM Luglio"]
[Site "Milano ITA"]
[Date "2012.06.29"]
[Round "2"]
[White "Pelizzola, Danilo"]
[Black "Miracola, Giorgia"]
[WhiteElo "2005"]
[BlackElo "1790"]
[Result "1-0"]
[PlyCount "53"]
[EventDate "2012.06.28"]

1. e4 c5 2. Nf3 e6 3. d4 cxd4 4. Nxd4 Nf6 5. Bd3 d6 6. Be3 Be7 7. O-O O-O 8.
Qe2 Nc6 9. Nxc6 bxc6 10. c4 Qc7 11. Nc3 Re8 12. f4 Rb8 13. Rae1 Ba6 14. Kh1 d5
15. Bc1 Nd7 16. exd5 exd5 17. cxd5 Bh4 18. Qxe8+ Rxe8 19. Rxe8+ Nf8 20. Bxa6
cxd5 21. Rd1 Qb6 22. Be3 Qc6 23. Bb5 Qc7 24. Nxd5 Qc2 25. Rf1 a6 26. Rc1 Qxb2
27. Rxf8+ 1-0

[Event "Open SSM Luglio"]
[Site "Milano ITA"]
[Date "2012.06.29"]
[Round "2"]
[White "Poletto, Daniele"]
[Black "Bemporad, Filippo"]
[WhiteElo "1738"]
[BlackElo "2078"]
[Result "0-1"]
[PlyCount "80"]
[EventDate "2012.06.28"]

1. c4 Nf6 2. Nc3 c5 3. g3 Nc6 4. Bg2 g6 5. e4 Bg7 6. Nge2 O-O 7. O-O Ne8 8. d3
Nc7 9. Be3 Ne6 10. Qd2 Ned4 11. f4 d6 12. h3 e6 13. Kh2 Rb8 14. Rab1 Bd7 15.
Bg1 Qa5 16. Rfd1 a6 17. b3 b5 18. Nxd4 Nxd4 19. Ne2 Qb6 20. Nxd4 cxd4 21. cxb5
Bxb5 22. a4 Bd7 23. Rdc1 Rfc8 24. Rc4 e5 25. fxe5 dxe5 26. a5 Qb5 27. b4 Rxc4
28. dxc4 Qxc4 29. Bf1 Qc8 30. Rc1 Qb7 31. Bc4 Qxb4 32. Qxb4 Rxb4 33. Bxa6 Ra4
34. Bc8 Bb5 35. Bf2 Rxa5 36. Rc5 Ra2 37. Kg2 Rb2 38. Bg4 Bh6 39. Kf3 Be2+ 40.
Kg2 Bxg4 0-1

[Event "Open SSM Luglio"]
[Site "Milano ITA"]
[Date "2012.06.30"]
[Round "3"]
[White "Bemporad, Filippo"]
[Black "Motola, Jacopo"]
[WhiteElo "2078"]
[BlackElo "1937"]
[Result "1/2-1/2"]
[PlyCount "94"]
[EventDate "2012.06.28"]

1. d4 c5 2. e3 e6 3. Nf3 d5 4. c4 Nf6 5. Nc3 Nc6 6. Bd3 dxc4 7. Bxc4 a6 8. O-O
b5 9. Bb3 Be7 10. d5 exd5 11. Nxd5 O-O 12. a4 Nxd5 13. Bxd5 Bb7 14. axb5 axb5
15. Rxa8 Bxa8 16. Be4 Qxd1 17. Rxd1 Rd8 18. Rxd8+ Bxd8 19. Bd2 Bf6 20. Bc3 Bxc3
21. bxc3 Bb7 22. Kf1 Na5 23. Bxb7 Nxb7 24. Ke2 f6 25. Kd3 Nd6 26. Nd2 Kf7 27.
c4 bxc4+ 28. Nxc4 Ke6 29. Nb6 f5 30. f3 g5 31. Kc3 h5 32. Kd3 g4 33. Na4 Kd5
34. Nc3+ Ke5 35. f4+ Ke6 36. e4 fxe4+ 37. Nxe4 c4+ 38. Kd4 Nf5+ 39. Kc3 Ne3 40.
g3 Nf1 41. Kxc4 Nxh2 42. Kd3 Nf3 43. Ke3 h4 44. gxh4 Nxh4 45. Nc3 Ng2+ 46. Ke4
Nxf4 47. Kxf4 g3 1/2-1/2

[Event "Open SSM Luglio"]
[Site "Milano ITA"]
[Date "2012.06.30"]
[Round "3"]
[White "Bisignano, Giuseppe"]
[Black "Verderame, Alberto"]
[WhiteElo "1877"]
[BlackElo "1424"]
[Result "1-0"]
[PlyCount "139"]
[EventDate "2012.06.28"]

1. e4 d6 2. d4 Nf6 3. Nc3 c6 4. Nf3 Bg4 5. h3 Bh5 6. Be3 e6 7. g4 Bg6 8. Bd3
Qc7 9. Qe2 Nbd7 10. h4 h5 11. g5 Nh7 12. e5 Bxd3 13. Qxd3 dxe5 14. g6 Nhf6 15.
dxe5 Nxe5 16. Nxe5 Qxe5 17. gxf7+ Kxf7 18. O-O-O g6 19. Kb1 Bg7 20. Bd4 Qd6 21.
Qf3 e5 22. Ne4 Qd5 23. Ng5+ Kg8 24. Bc3 Qxf3 25. Nxf3 Ng4 26. Rd7 Nxf2 27. Rf1
Ne4 28. Bxe5 Bxe5 29. Nxe5 Rh7 30. Rxh7 Nd2+ 31. Kc1 Nxf1 32. Rxb7 Re8 33. Nf3
g5 34. hxg5 h4 35. Rb4 h3 36. Rh4 h2 37. Kd1 Ne3+ 38. Kd2 Nf1+ 39. Kd1 Ne3+ 40.
Kc1 Rd8 41. Nd2 Ng4 42. b3 Re8 43. Nf3 Re2 44. b4 Rf2 45. Nxh2 Nxh2 46. Rh6 Ng4
47. Rxc6 Ne5 48. Rc8+ Kg7 49. Kb2 Kg6 50. Kb3 Kxg5 51. c4 Rf3+ 52. Ka4 Rf4 53.
Rg8+ Kh6 54. c5 Rf6 55. b5 Rf4+ 56. Ka5 Nc4+ 57. Ka6 Rf7 58. Ra8 Na3 59. c6 Rf4
60. Rxa7 Ra4+ 61. Kb7 Rxa7+ 62. Kxa7 Nxb5+ 63. Kb6 Nd6 64. a4 Kg5 65. a5 Kf6
66. a6 Ke6 67. a7 Nc8+ 68. Kb7 Nd6+ 69. Kb8 Nb5 70. a8=Q 1-0

[Event "Open SSM Luglio"]
[Site "Milano ITA"]
[Date "2012.06.30"]
[Round "3"]
[White "Carbone, Lorenzo"]
[Black "Gonella, Graziano"]
[WhiteElo "1701"]
[BlackElo "1222"]
[Result "1-0"]
[PlyCount "33"]
[EventDate "2012.06.28"]

1. e4 g6 2. d4 Bg7 3. c3 d6 4. Nf3 Bg4 5. Bd3 c5 6. O-O Nc6 7. Be3 Qc7 8. Na3
a6 9. Nc2 e6 10. dxc5 d5 11. exd5 exd5 12. Ncd4 Nf6 13. Nxc6 bxc6 14. Qd2 h6
15. Rfe1 O-O-O 16. Bxa6+ Kb8 17. Bf4 1-0

[Event "Open SSM Luglio"]
[Site "Milano ITA"]
[Date "2012.06.30"]
[Round "3"]
[White "Coppola, Federico"]
[Black "Pelizzola, Danilo"]
[WhiteElo "1853"]
[BlackElo "2005"]
[Result "0-1"]
[PlyCount "102"]
[EventDate "2012.06.28"]

1. e4 e5 2. Nf3 Nc6 3. Bb5 a6 4. Bxc6 dxc6 5. O-O f6 6. d3 Bd6 7. Be3 c5 8. c3
Ne7 9. d4 cxd4 10. cxd4 exd4 11. Nxd4 c5 12. Ne2 Qc7 13. f4 Bd7 14. Nd2 b5 15.
e5 fxe5 16. Ne4 Nf5 17. Nxd6+ Qxd6 18. Qxd6 Nxd6 19. fxe5 Nc4 20. Bxc5 Nxb2 21.
Nd4 Rc8 22. Ba3 Nc4 23. Bc1 Rf8 24. Bf4 h6 25. e6 Bc6 26. Bg3 Be4 27. Rxf8+
Kxf8 28. Rf1+ Kg8 29. Rf7 Re8 30. Ra7 a5 31. Rd7 g6 32. Bc7 Bb1 33. e7 Kf7 34.
Bd8 Bxa2 35. Nxb5 a4 36. Ra7 Bb3 37. Rc7 Ke6 38. Rxc4 Bxc4 39. Nc7+ Kf7 40.
Nxe8 Kxe8 41. Ba5 a3 42. Bc3 a2 43. Kf2 Kxe7 44. Ke3 Ke6 45. Ba1 Bf1 46. Kf2
Bb5 47. g4 Kd5 48. Kg3 Ke4 49. h3 Bf1 50. h4 Be2 51. g5 h5 0-1